Joseph and his multi-colored coat--Joshua and the battle of Jericho. (Record no. 109257)
[ view plain ]
| 000 -LEADER | |
|---|---|
| fixed length control field | 00658nam a2200193 a 4500 |
| 005 - DATE AND TIME OF LATEST TRANSACTION | |
| control field | 20140414093840.0 |
| 008 - FIXED-LENGTH DATA ELEMENTS--GENERAL INFORMATION | |
| fixed length control field | 071008s19uu xx 00 eng d |
| 050 ## - LIBRARY OF CONGRESS CALL NUMBER | |
| Classification number | DVD 220.6 |
| Item number | BIB 2006 |
| 245 ## - TITLE STATEMENT | |
| Title | Joseph and his multi-colored coat--Joshua and the battle of Jericho. |
| 260 ## - PUBLICATION, DISTRIBUTION, ETC. (IMPRINT) | |
| Place of publication, distribution, etc | United Kingdom : |
| Name of publisher, distributor, etc | BBC Worlwide, |
| Date of publication, distribution, etc | 2006. |
| 300 ## - PHYSICAL DESCRIPTION | |
| Extent | 1 DVD, 93.39 min. |
| 440 ## - SERIES STATEMENT/ADDED ENTRY--TITLE | |
| Title | BBC Bible mysteries |
| 500 ## - GENERAL NOTE | |
| General note | "2 Titles in 1 DVD"--Cover. |
| 520 ## - SUMMARY, ETC. | |
| Summary, etc | Contents: Joseph and the multi-coloured coat--Joshua and the battle of Jericho. |
| 650 ## - SUBJECT ADDED ENTRY--TOPICAL TERM | |
| Topical term or geographic name as entry element | Documentary films. |
| 650 ## - SUBJECT ADDED ENTRY--TOPICAL TERM | |
| Topical term or geographic name as entry element | Bible |
| General subdivision | Criticism |
| -- | Interpretation, etc. |
| 942 ## - ADDED ENTRY ELEMENTS (KOHA) | |
| Koha item type | Audio Visual Materials |
| Withdrawn status | Lost status | Damaged status | Use restrictions | Home library | Current library | Shelving location | Date acquired | Source of acquisition | Total Checkouts | Full call number | Barcode | Date last seen | Price effective from | Koha item type |
|---|---|---|---|---|---|---|---|---|---|---|---|---|---|---|
| Luxembourg Library | Luxembourg Library | Audio Visual Material Section | 10/08/2007 | DVD 220.6 BIB 2006 | AV0891 | 04/14/2014 | 04/14/2014 | Audio Visual Materials |